00929nam a2200253 i 4500001001000000003000900010005001700019007000300036008004100039040003000080082001400110110010800124245003600232264010100268300002600369336002700395337003300422338002800455590002800483910000700511942001400518952012600532999001700658000028025DO-SdBNP20231123111440.0ta110406s1987 dr a 000 0 spa d aDO-SdBNPbspacBNPHUerda bR426r2221 aRepública Dominicana.bSecretaría de Estado de Deportes, educación Física y Recreación93699710aReglas oficiales del béisbol. aSanto Domingo :bSecretaría de Estado de Deportes, educación Física y Recreación ,c1987 a108 paginas ;c22 cm. 2rdacontentatextobtxt 2rdamediaasin mediaciónbn 2rdacarrieravolumenbnc aInventariado, 2023 / DG aDG 2ddccLBS1 00102ddc51708PDaBNPHUbBNPHUcCTd2023-11-23edonaciónl0oBNPHU PD R426rp2023-7997r2023-11-23w2023-11-23yLBS1 c55573d55573